000 00413cam a22001217a 4500
008 180718b1965 xxu||||| |||| 00| 0 eng d
082 _aA81x54 In2/61/8/PT5A/1
100 _aCensus of India 1961
245 _aMadhya Pradesh: special tables for scheduled castes
260 _aDelhi
_bThe Manager of Publications
_c1965
300 _a488+p.
440 _aCensus of India 1961. Volume VIII, Madhya Pradesh. Part V-A (i)
999 _c484297
_d484297